| Tag |
First Indicator |
Second Indicator |
Subfields |
| LEADER |
00000cam a22000008a 4500 |
| 001 |
in00000018288 |
| 005 |
20151007053212.0 |
| 008 |
870506s1987 nyua d 00010 eng |
| 010 |
|
|
|a 87012392
|
| 020 |
|
|
|a 0029164222
|
| 020 |
|
|
|a 0029162300 (combined set)
|
| 035 |
|
|
|a (OCoLC)15789537
|
| 035 |
|
|
|9 AAB0776AM
|
| 040 |
|
|
|a DLC
|c DLC
|d m/c
|d TXA
|d UtOrBLW
|
| 043 |
|
|
|a ma-----
|
| 049 |
|
|
|a TXAM
|c [A11084307]
|
| 050 |
0 |
0 |
|a DS37
|b .S53 1987
|
| 082 |
0 |
|
|a 909/.0974927
|2 19
|
| 100 |
1 |
|
|a Shimoni, Yaacov,
|d 1915-
|
| 245 |
1 |
0 |
|a Political dictionary of the Arab world /
|c Yaacov Shimoni.
|
| 263 |
|
|
|a 8709
|
| 264 |
|
1 |
|a New York :
|b Macmillan,
|c [1987]
|
| 264 |
|
4 |
|c ©1987
|
| 300 |
|
|
|a 520 pages :
|b illustrations
|
| 336 |
|
|
|a text
|b txt
|2 rdacontent
|
| 337 |
|
|
|a unmediated
|b n
|2 rdamedia
|
| 338 |
|
|
|a volume
|b nc
|2 rdacarrier
|
| 500 |
|
|
|a "In cooperation with the Dayan Center for Middle Eastern & African Studies, Tel Aviv University"--Title page verso.
|
| 500 |
|
|
|a Revised edition of: Political dictionary of the Middle East in the 20th century. 1974.
|
| 651 |
|
0 |
|a Arab countries
|x Politics and government
|x Dictionaries.
|
| 700 |
1 |
|
|a Shimoni, Yaacov,
|d 1915-
|t Political dictionary of the Middle East in the 20th century.
|
| 710 |
2 |
|
|a Merkaz Dayan le-ḥeḳer ha-Mizraḥ ha-Tikhon ṿe-Afriḳah (Universiṭat Tel-Aviv)
|
| 999 |
|
|
|a MARS
|
| 999 |
f |
f |
|s 6534cab7-f2ce-33e6-96cd-fc0a5b05e97f
|i fc499080-de98-3715-bde0-62311b1aa088
|t 0
|
| 952 |
f |
f |
|p ric
|a Texas A&M University
|b Rellis Campus
|c Joint Library Facility
|d Remote Storage
|t 0
|e DS37 .S53 1987
|h Library of Congress classification
|i unmediated -- volume
|m A14811084307
|
| 998 |
f |
f |
|a DS37 .S53 1987
|t 0
|l Remote Storage
|